| 000 | 00516nam a22001577a 4500 | ||
|---|---|---|---|
| 003 | OSt | ||
| 005 | 20260115160527.0 | ||
| 008 | 260115b |||||||| |||| 00| 0 eng d | ||
| 040 | _cMRSPTU | ||
| 041 | _aEnglish | ||
| 100 | _aNavpreet Kaur, Supervisor: Dr. Paramjeet Singh | ||
| 245 | _aPunjabi to English Machine Transliteration system using enhanced n-GRAM Approach and Comparison with Rule Based System | ||
| 260 |
_bDepartment of CSE, MRSPTU, Bathinda _c2015 |
||
| 650 | _aComputer Science | ||
| 942 |
_2ddc _cTH _n0 |
||
| 999 |
_c10664 _d10664 |
||